000 00547nam a2200193Ia 4500
005 20250508163240.0
008 008 250505s9999 xx 000 0 hin d
037 _aDissertations
040 _aFEDL
_beng
_cFEDL
041 _ahin
_2eng
084 _a510.7, MAN/DI
_qFEDL
100 _aManral Meena
_9774991
245 0 _aGaneetiya srijanshakti awam vyaktitva ka addhyan
260 _c1985
300 _a68p.
546 _aM. Ed. Dissertation (Kumaon University)
942 _cDIS
_h510.7, MAN/DI
999 _c1381765
_d1381765